[Event "DM G5 Grp1 2024"]
[Site "Svendborg"]
[Date "2024.03.23"]
[Round "1"]
[White "Stovring, Claus"]
[Black "Velarde, Andrew"]
[Result "1-0"]
[WhiteElo "2002"]
[BlackElo "1826"]
[PlyCount "101"]
[WhiteFideId "1406914"]
[BlackFideId "1435132"]
[EventDate "2024.03.23"]
[EventType "swiss"]
[EventRounds "5"]
[EventCountry "DEN"]
[SourceTitle "Live v. Kasper Jerwiarz"]

1. e4 d5 2. exd5 Nf6 3. d4 Nxd5 4. Nf3 Bf5 5. Bc4 e6 
6. O-O c6 7. Re1 Bd6 8. Nbd2 O-O 9. Ne4 Be7 10. Ng3 Bg6 
11. Ne5 Nd7 12. Nxg6 hxg6 13. Qf3 N7f6 14. Bb3 b5 15. c3 a5 
16. Bg5 a4 17. Bc2 Qc7 18. h4 Bd6 19. Ne4 Nxe4 20. Bxe4 f6 
21. Bd2 f5 22. Bc2 Rae8 23. h5 Bf4 24. Bxf4 Qxf4 25. Qxf4 Nxf4 
26. hxg6 Nxg6 27. c4 Kf7 28. cxb5 cxb5 29. Bd3 Rb8 30. d5 Nf4 
31. dxe6+ Nxe6 32. Bxf5 Nd4 33. Be4 Kf6 34. Rad1 Rfd8 35. Rd3 Ne6 
36. Rf3+ Kg5 37. Rg3+ Kf6 38. Rf3+ Kg5 39. Rf7 Kh6 40. Ra7 Rb6 
41. g3 Ng5 42. Bg2 Rd2 43. Ra8 Re6 44. Rxe6+ Nxe6 45. Ra6 Rxb2 
46. Rxe6+ Kh7 47. Be4+ Kg8 48. Rb6 Kf8 49. Bc6 b4 50. Bxa4 Ke7 
51. Bb3 1-0

[Event "DM G5 Grp1 2024"]
[Site "Svendborg"]
[Date "2024.03.23"]
[Round "1"]
[White "Hansen,  Anders"]
[Black "Lauritsen, Niels"]
[Result "0-1"]
[WhiteElo "1673"]
[BlackElo "1973"]
[PlyCount "62"]
[WhiteFideId "1711237"]
[BlackFideId "1404474"]
[EventDate "2024.03.23"]
[EventType "swiss"]
[EventRounds "5"]
[EventCountry "DEN"]
[SourceTitle "Live v. Kasper Jerwiarz"]

1. b3 e5 2. Bb2 Nc6 3. e3 d6 4. Bb5 Bd7 5. d4 exd4 
6. exd4 Nf6 7. Nf3 Be7 8. O-O O-O 9. Nc3 a6 10. Be2 Re8 
11. d5 Ne5 12. Nxe5 dxe5 13. Bf3 Bd6 14. Ne4 Nxe4 15. Bxe4 f5 
16. Bd3 Qg5 17. Bc1 Qf6 18. Bb2 Qh6 19. g3 Kh8 20. Be2 Re7 
21. c4 b6 22. Bf3 Rf8 23. Bc1 Qf6 24. h4 h6 25. Bd2 e4 
26. Bg2 f4 27. Rc1 Qg6 28. Bc3 fxg3 29. fxg3 Rxf1+ 30. Qxf1 Rf7 
31. Qe2 Qxg3 0-1

[Event "DM G5 Grp1 2024"]
[Site "Svendborg"]
[Date "2024.03.23"]
[Round "1"]
[White "Jacobsen, Hans Endrup"]
[Black "Poulsen, Albert Damgaard"]
[Result "1-0"]
[WhiteElo "1959"]
[BlackElo "1707"]
[PlyCount "41"]
[WhiteFideId "1406841"]
[BlackFideId "1478613"]
[EventDate "2024.03.23"]
[EventType "swiss"]
[EventRounds "5"]
[EventCountry "DEN"]
[SourceTitle "Live v. Kasper Jerwiarz"]

1. e4 c5 2. Nf3 d6 3. d4 cxd4 4. Nxd4 Nf6 5. Nc3 a6 
6. Bg5 Nbd7 7. f4 Qc7 8. Qf3 h6 9. Bxf6 Nxf6 10. h3 b5 
11. e5 Bb7 12. exd6 Qb6 13. Qe3 O-O-O 14. dxe7 Rxd4 15. e8=Q+ Nxe8 
16. Qxe8+ Rd8 17. Qe5 Bc5 18. Bd3 Rde8 19. Bf5+ Re6 20. Bxe6+ fxe6 
21. O-O-O 1-0

[Event "DM G5 Grp1 2024"]
[Site "Svendborg"]
[Date "2024.03.23"]
[Round "1"]
[White "Rasmussen, Erling"]
[Black "Oehlerich, Per"]
[Result "0-1"]
[WhiteElo "1785"]
[BlackElo "1949"]
[PlyCount "116"]
[WhiteFideId "1408780"]
[BlackFideId "1408410"]
[EventDate "2024.03.23"]
[EventType "swiss"]
[EventRounds "5"]
[EventCountry "DEN"]
[SourceTitle "Live v. Kasper Jerwiarz"]

1. f4 b6 2. e4 Bb7 3. d3 e6 4. Be2 d5 5. e5 c5 
6. Bf3 Nc6 7. Be3 Nge7 8. Ne2 Nf5 9. Bf2 Nh4 10. Bxh4 Qxh4+ 
11. g3 Qd8 12. Nbc3 Be7 13. Qd2 Qd7 14. O-O O-O 15. a3 Rac8 
16. Rac1 Rfd8 17. h3 Re8 18. Kh2 f6 19. d4 Ba6 20. Rfe1 cxd4 
21. Nxd4 Nxd4 22. Qxd4 Kh8 23. Bh5 Rf8 24. Ne4 Rc4 25. Qd1 Qc8 
26. exf6 gxf6 27. Nd2 Rc6 28. c3 Bc5 29. Be2 Bxe2 30. Rxe2 Re8 
31. Nb3 Qd7 32. Nd4 Bxd4 33. Qxd4 Kg7 34. Rce1 Rc4 35. Qd3 f5 
36. Re5 Qf7 37. Qf3 Re4 38. g4 Rxe1 39. Rxe1 fxg4 40. Qxg4+ Kh8 
41. Qg5 Qg7 42. Re5 Qxg5 43. fxg5 Kg7 44. Kg3 Kf7 45. Kg4 Rc8 
46. Kh5 Rc4 47. Re2 Rf4 48. h4 Ke7 49. Rd2 Kf7 50. Rd4 Rf2 
51. Kh6 Kg8 52. h5 Rxb2 53. g6 hxg6 54. Kxg6 Rg2+ 55. Kf6 Rg3 
56. Ra4 a5 57. Kxe6 Rxc3 58. Kxd5 Kh7 0-1

[Event "DM G5 Grp1 2024"]
[Site "Svendborg"]
[Date "2024.03.23"]
[Round "1"]
[White "Yildiz, Hasan"]
[Black "Hansen, Allan Hallgren"]
[Result "1-0"]
[WhiteElo "1955"]
[BlackElo "1733"]
[PlyCount "35"]
[WhiteFideId "1435086"]
[BlackFideId "1440888"]
[EventDate "2024.03.23"]
[EventType "swiss"]
[EventRounds "5"]
[EventCountry "DEN"]
[SourceTitle "Live v. Kasper Jerwiarz"]

1. c4 Nf6 2. g3 g6 3. Bg2 Bg7 4. Nc3 O-O 5. e4 c5 
6. Nge2 Nc6 7. O-O Rb8 8. d3 d6 9. h3 b6 10. Be3 Bb7 
11. a3 a6 12. Qd2 Qc7 13. Rab1 Ba8 14. b4 Ne5 15. f4 Ned7 
16. g4 e5 17. f5 Kh8 18. g5 1-0

[Event "DM G5 Grp1 2024"]
[Site "Svendborg"]
[Date "2024.03.23"]
[Round "1"]
[White "Jakobsen, Alex"]
[Black "Svendsen, Peter Willer"]
[Result "0-1"]
[WhiteElo "1651"]
[BlackElo "1898"]
[PlyCount "104"]
[WhiteFideId "1480790"]
[BlackFideId "1405250"]
[EventDate "2024.03.23"]
[EventType "swiss"]
[EventRounds "5"]
[EventCountry "DEN"]
[SourceTitle "Live v. Kasper Jerwiarz"]

1. e4 e5 2. Nf3 Nf6 3. Nc3 d6 4. h3 Be7 5. Bc4 O-O 
6. d3 c6 7. a4 Nbd7 8. Ne2 d5 9. exd5 cxd5 10. Bb3 Qc7 
11. O-O Nc5 12. Ba2 Bd7 13. b3 Bc6 14. d4 e4 15. Ne5 Ne6 
16. c3 Rad8 17. Ng3 Bd6 18. Nxc6 Qxc6 19. Ne2 Bb8 20. Be3 Nh5 
21. g3 f5 22. f4 exf3 23. Rxf3 f4 24. gxf4 Nexf4 25. Bxf4 Bxf4 
26. Nxf4 Rxf4 27. Qd3 Qh6 28. Raf1 Rdf8 29. b4 Qg5+ 30. Kh2 Rxf3 
31. Rxf3 Nf4 32. Qf1 Rf6 33. Rg3 Qh5 34. c4 Qe2+ 35. Qxe2 Nxe2 
36. Rg2 Nxd4 37. cxd5 Nf3+ 38. Kg3 Ne5 39. Rf2 Rg6+ 40. Kh4 Rd6 
41. Re2 Nd3 42. Re6 Rxe6 43. dxe6 Kf8 44. b5 Nc5 45. a5 Ke7 
46. b6 axb6 47. axb6 Nxe6 48. Bxe6 Kxe6 49. Kg4 Kd6 50. Kf5 Kc6 
51. Ke6 Kxb6 52. Kf7 g5 0-1

[Event "DM G5 Grp1 2024"]
[Site "Svendborg"]
[Date "2024.03.23"]
[Round "1"]
[White "Christensen, Michael Leon"]
[Black "Skaerved, Mattias"]
[Result "1-0"]
[WhiteElo "1834"]
[BlackElo "1678"]
[PlyCount "95"]
[WhiteFideId "1446851"]
[BlackFideId "1461958"]
[EventDate "2024.03.23"]
[EventType "swiss"]
[EventRounds "5"]
[EventCountry "DEN"]
[SourceTitle "Live v. Kasper Jerwiarz"]

1. d4 Nf6 2. c4 e6 3. Nc3 Bb4 4. Bd2 O-O 5. g3 d5 
6. Qb3 Bxc3 7. Bxc3 c6 8. Bg2 Re8 9. Nf3 Nbd7 10. O-O dxc4 
11. Qxc4 Qc7 12. b3 b5 13. Qd3 h6 14. Rac1 Bb7 15. Bb4 a5 
16. Bc5 Nd5 17. e4 Nxc5 18. Rxc5 Nf6 19. Rfc1 Nd7 20. R5c2 Qb6 
21. e5 Rac8 22. Nd2 Red8 23. Qe3 Nb8 24. Ne4 Qxd4 25. Qxd4 Rxd4 
26. Nd6 Rc7 27. Nxb5 Rdd7 28. Nxc7 Rxc7 29. Rc5 a4 30. bxa4 Na6 
31. R5c4 c5 32. Bxb7 Rxb7 33. f4 Kf8 34. Kf2 Ke7 35. Ke2 Rb2+ 
36. R1c2 Rb1 37. a3 Ra1 38. R4c3 Rh1 39. Kd3 Kd7 40. Kc4 Rb1 
41. Rd2+ Kc7 42. Rd6 Rb6 43. Rxb6 Kxb6 44. Rb3+ Kc7 45. a5 g5 
46. Rb6 Nb8 47. Rxb8 Kxb8 48. Kxc5 1-0

[Event "DM G5 Grp1 2024"]
[Site "Svendborg"]
[Date "2024.03.23"]
[Round "1"]
[White "Dithlevsen, Birgit"]
[Black "Skytte, Robert"]
[Result "0-1"]
[WhiteElo "1668"]
[BlackElo "1744"]
[PlyCount "82"]
[WhiteFideId "1413201"]
[BlackFideId "1471775"]
[EventDate "2024.03.23"]
[EventType "swiss"]
[EventRounds "5"]
[EventCountry "DEN"]
[SourceTitle "Live v. Kasper Jerwiarz"]

1. e4 c5 2. Nc3 d6 3. Nf3 Nf6 4. Bb5+ Bd7 5. Bxd7+ Qxd7 
6. O-O g6 7. e5 dxe5 8. Nxe5 Qc7 9. Nf3 Bg7 10. d3 O-O 
11. Re1 Nc6 12. Rb1 Rad8 13. Ne2 Nd5 14. c3 e5 15. Ng3 c4 
16. d4 exd4 17. cxd4 Ncb4 18. a3 Nd3 19. Re2 N5f4 20. Re4 f5 
21. Bxf4 Nxf4 22. Re3 Nd3 23. Nf1 Bxd4 24. Nxd4 Rxd4 25. Qa4 Rf4 
26. f3 a6 27. g3 b5 28. Qxa6 Rd4 29. Qxb5 f4 30. Re4 Rxe4 
31. Qd5+ Kg7 32. Qxe4 Qc5+ 33. Kg2 Qf2+ 34. Kh3 Qg1 35. Qe7+ Rf7 
36. Qd6 Nf2+ 37. Kh4 Rf5 38. Qd7+ Kh6 39. Qxf5 gxf5 40. gxf4 Qg2 
41. Ng3 Qxh2# 0-1

[Event "DM G5 Grp1 2024"]
[Site "Svendborg"]
[Date "2024.03.24"]
[Round "2"]
[White "Svendsen, Peter Willer"]
[Black "Stovring, Claus"]
[Result "1/2-1/2"]
[WhiteElo "1898"]
[BlackElo "2002"]
[PlyCount "63"]
[WhiteFideId "1405250"]
[BlackFideId "1406914"]
[EventDate "2024.03.23"]
[EventType "swiss"]
[EventRounds "5"]
[EventCountry "DEN"]
[SourceTitle "Live v. Kasper Jerwiarz"]

1. e4 d6 2. d4 Nf6 3. Nc3 g6 4. Bc4 c6 5. Nge2 Bg7 
6. f3 O-O 7. Be3 d5 8. Bb3 dxe4 9. Nxe4 Nxe4 10. fxe4 e5 
11. O-O Bg4 12. d5 Qh4 13. Qe1 Qe7 14. Nc3 Na6 15. Qf2 Bd7 
16. Rad1 b6 17. Qe2 Nc5 18. d6 Qh4 19. Bxc5 bxc5 20. Qc4 Bg4 
21. Rd3 Kh8 22. Qxc5 f5 23. d7 fxe4 24. Rxf8+ Rxf8 25. g3 Qd8 
26. Nxe4 Be2 27. Rd2 Bf3 28. Qe3 Bxe4 29. Qxe4 Qf6 30. Rd1 Bh6 
31. c3 Bg5 32. Kg2 1/2-1/2

[Event "DM G5 Grp1 2024"]
[Site "Svendborg"]
[Date "2024.03.24"]
[Round "2"]
[White "Lauritsen, Niels"]
[Black "Yildiz, Hasan"]
[Result "0-1"]
[WhiteElo "1973"]
[BlackElo "1955"]
[PlyCount "56"]
[WhiteFideId "1404474"]
[BlackFideId "1435086"]
[EventDate "2024.03.23"]
[EventType "swiss"]
[EventRounds "5"]
[EventCountry "DEN"]
[SourceTitle "Live v. Kasper Jerwiarz"]

1. e4 d6 2. d4 Nf6 3. Nc3 g6 4. g3 Bg7 5. Bg2 O-O 
6. Nge2 c6 7. O-O Qc7 8. a4 a5 9. h3 Bd7 10. Be3 Na6 
11. Qd2 Rac8 12. Rad1 b5 13. b3 b4 14. Nb1 c5 15. d5 c4 
16. Nd4 Nc5 17. f3 Ne8 18. Rc1 Qb7 19. Qd1 Nc7 20. Nd2 c3 
21. Nc4 Qa6 22. Qe2 Na8 23. Rfe1 Bxd4 24. Bxd4 Nxa4 25. Ra1 Bb5 
26. Rxa4 Bxa4 27. Bf1 Bb5 28. Qe3 f6 0-1

[Event "DM G5 Grp1 2024"]
[Site "Svendborg"]
[Date "2024.03.24"]
[Round "2"]
[White "Skytte, Robert"]
[Black "Jacobsen, Hans Endrup"]
[Result "0-1"]
[WhiteElo "1744"]
[BlackElo "1959"]
[PlyCount "70"]
[WhiteFideId "1471775"]
[BlackFideId "1406841"]
[EventDate "2024.03.23"]
[EventType "swiss"]
[EventRounds "5"]
[EventCountry "DEN"]
[SourceTitle "Live v. Kasper Jerwiarz"]

1. e4 c5 2. Nf3 d6 3. c3 Nf6 4. Be2 Nc6 5. d4 Qc7 
6. O-O e5 7. Qa4 Bd7 8. Bb5 Be7 9. d5 Nb8 10. Re1 O-O 
11. c4 Bg4 12. Qd1 h6 13. h3 Bh5 14. Qd3 Nbd7 15. Bxd7 Qxd7 
16. Nc3 Ne8 17. a3 f5 18. exf5 Qxf5 19. Qxf5 Rxf5 20. Nh2 Rf7 
21. Ne4 Nf6 22. f3 Nxe4 23. Rxe4 Bg6 24. Re1 Bh4 25. Re3 Raf8 
26. Kh1 Bf2 27. Rb3 Bd4 28. Bd2 Bc2 29. Rb5 Ba4 30. Ra5 Bb3 
31. Rc1 b6 32. Ra6 e4 33. fxe4 Bxb2 34. Rb1 Be5 35. Rc1 Bxc4 
0-1

[Event "DM G5 Grp1 2024"]
[Site "Svendborg"]
[Date "2024.03.24"]
[Round "2"]
[White "Oehlerich, Per"]
[Black "Christensen, Michael Leon"]
[Result "0-1"]
[WhiteElo "1949"]
[BlackElo "1834"]
[PlyCount "94"]
[WhiteFideId "1408410"]
[BlackFideId "1446851"]
[EventDate "2024.03.23"]
[EventType "swiss"]
[EventRounds "5"]
[EventCountry "DEN"]
[SourceTitle "Live v. Kasper Jerwiarz"]

1. e4 c5 2. c3 d5 3. exd5 Qxd5 4. d4 Nf6 5. Nf3 g6 
6. Be2 Bg7 7. O-O O-O 8. c4 Qd6 9. d5 Re8 10. Nc3 a6 
11. h3 e6 12. dxe6 Qxe6 13. Be3 b6 14. Re1 Bb7 15. a3 Nbd7 
16. Ng5 Qe7 17. Bf3 Ne5 18. Bxb7 Qxb7 19. Qe2 h6 20. Nf3 Nxf3+ 
21. Qxf3 Qxf3 22. gxf3 Nd7 23. Bf4 Ne5 24. Bxe5 Bxe5 25. Rac1 Re6 
26. Kf1 Rd8 27. Rcd1 Rde8 28. Rd3 Bd4 29. Rxe6 Rxe6 30. b3 Kg7 
31. Ne2 Be5 32. Nc3 Bd4 33. Ne2 Be5 34. Nc3 Bxc3 35. Rxc3 Kf6 
36. Rd3 Ke5 37. Kg2 Rd6 38. Re3+ Kd4 39. Kf1 Re6 40. Ke2 Rxe3+ 
41. fxe3+ Kc3 42. e4 Kxb3 43. Kd3 Kxa3 44. Kc3 b5 45. cxb5 axb5 
46. f4 Ka2 47. f5 gxf5 0-1

[Event "DM G5 Grp1 2024"]
[Site "Svendborg"]
[Date "2024.03.24"]
[Round "2"]
[White "Velarde, Andrew"]
[Black "Jakobsen, Alex"]
[Result "1-0"]
[WhiteElo "1826"]
[BlackElo "1651"]
[PlyCount "83"]
[WhiteFideId "1435132"]
[BlackFideId "1480790"]
[EventDate "2024.03.23"]
[EventType "swiss"]
[EventRounds "5"]
[EventCountry "DEN"]
[SourceTitle "Live v. Kasper Jerwiarz"]

1. e4 e5 2. d4 exd4 3. Bc4 Nc6 4. Nf3 Bc5 5. c3 Na5 
6. Bd5 c6 7. Bxf7+ Kxf7 8. b4 Qe7 9. bxc5 Qxe4+ 10. Be3 h6 
11. Nbd2 Qe7 12. cxd4 Nf6 13. Ne5+ Kg8 14. Ng6 Qe6 15. Nxh8 Kxh8 
16. O-O b6 17. Re1 Qd5 18. Qc2 d6 19. Rad1 Bf5 20. Qc3 dxc5 
21. dxc5 Qxa2 22. Bxh6 Qf7 23. Bg5 Nd5 24. Qg3 bxc5 25. Re5 c4 
26. Nxc4 Nxc4 27. Qh4+ Kg8 28. Qxc4 Rc8 29. Rde1 Qg6 30. h4 Kh7 
31. Qa6 Rc7 32. Qa5 Rf7 33. Qd8 Rd7 34. Qb8 Nf6 35. Re7 a5 
36. Rxd7 Bxd7 37. Qd8 a4 38. Bxf6 Bh3 39. Bg5 Bf5 40. Re8 Qf7 
41. Rh8+ Kg6 42. h5# 1-0

[Event "DM G5 Grp1 2024"]
[Site "Svendborg"]
[Date "2024.03.24"]
[Round "2"]
[White "Hansen, Allan Hallgren"]
[Black "Hansen,  Anders"]
[Result "1-0"]
[WhiteElo "1733"]
[BlackElo "1673"]
[PlyCount "61"]
[WhiteFideId "1440888"]
[BlackFideId "1711237"]
[EventDate "2024.03.23"]
[EventType "swiss"]
[EventRounds "5"]
[EventCountry "DEN"]
[SourceTitle "Live v. Kasper Jerwiarz"]

1. d4 Nf6 2. c4 e6 3. Nc3 d5 4. e3 Nbd7 5. Nf3 b6 
6. cxd5 exd5 7. Bd3 Be7 8. O-O Bb7 9. a3 O-O 10. b4 Ne4 
11. Bb2 Ndf6 12. Rc1 a5 13. Qb3 g5 14. Rc2 Nxc3 15. Qxc3 Bd6 
16. h3 Ne4 17. Qb3 h5 18. Bxe4 dxe4 19. Ne5 Qe7 20. Ng6 Bh2+ 
21. Kh1 Qd6 22. Nxf8 Rxf8 23. bxa5 Bd5 24. Qc3 h4 25. axb6 cxb6 
26. a4 Ra8 27. Ba3 Qb8 28. Rfc1 Bd6 29. Qc8+ Bf8 30. Qxb8 Rxb8 
31. Rc8 1-0

[Event "DM G5 Grp1 2024"]
[Site "Svendborg"]
[Date "2024.03.24"]
[Round "2"]
[White "Poulsen, Albert Damgaard"]
[Black "Dithlevsen, Birgit"]
[Result "1-0"]
[WhiteElo "1707"]
[BlackElo "1668"]
[PlyCount "55"]
[WhiteFideId "1478613"]
[BlackFideId "1413201"]
[EventDate "2024.03.23"]
[EventType "swiss"]
[EventRounds "5"]
[EventCountry "DEN"]
[SourceTitle "Live v. Kasper Jerwiarz"]

1. d4 d5 2. c4 dxc4 3. e4 Nc6 4. Nf3 Bg4 5. d5 Ne5 
6. Bf4 Nd3+ 7. Bxd3 cxd3 8. Qxd3 Bxf3 9. Qxf3 Qd7 10. O-O c6 
11. Nd2 Nf6 12. dxc6 Qxc6 13. Rac1 Qb5 14. a4 Qxb2 15. e5 Nd7 
16. e6 fxe6 17. Rb1 Qd4 18. Qxb7 Qd5 19. Qc7 e5 20. Be3 Qd6 
21. Qc4 e6 22. Rfd1 Nb6 23. Bxb6 axb6 24. Ne4 Qb8 25. Qxe6+ Be7 
26. Rd7 Qd8 27. Nd6+ Kf8 28. Qf7# 1-0

[Event "DM G5 Grp1 2024"]
[Site "Svendborg"]
[Date "2024.03.24"]
[Round "2"]
[White "Skaerved, Mattias"]
[Black "Rasmussen, Erling"]
[Result "1/2-1/2"]
[WhiteElo "1678"]
[BlackElo "1785"]
[PlyCount "50"]
[WhiteFideId "1461958"]
[BlackFideId "1408780"]
[EventDate "2024.03.23"]
[EventType "swiss"]
[EventRounds "5"]
[EventCountry "DEN"]
[SourceTitle "Live v. Kasper Jerwiarz"]

1. d4 Nf6 2. Bf4 b5 3. e3 a6 4. Bd3 Bb7 5. Nf3 e6 
6. a3 c5 7. c3 Be7 8. Nbd2 Nh5 9. Bg3 c4 10. Bc2 d6 
11. Ne4 f5 12. Ned2 Nd7 13. O-O Nxg3 14. fxg3 O-O 15. Qe2 Nf6 
16. Rae1 Ne4 17. g4 Nxd2 18. Nxd2 g6 19. gxf5 exf5 20. e4 f4 
21. Qg4 Bc8 22. Qf3 Bh4 23. Re2 Qg5 24. h3 Ra7 25. e5 Bb7 
1/2-1/2

[Event "DM G5 Grp1 2024"]
[Site "Svendborg"]
[Date "2024.03.25"]
[Round "3"]
[White "Jacobsen, Hans Endrup"]
[Black "Yildiz, Hasan"]
[Result "0-1"]
[WhiteElo "1959"]
[BlackElo "1955"]
[PlyCount "104"]
[WhiteFideId "1406841"]
[BlackFideId "1435086"]
[EventDate "2024.03.23"]
[EventType "swiss"]
[EventRounds "5"]
[EventCountry "DEN"]
[SourceTitle "Live v. Kasper Jerwiarz"]

1. e4 d6 2. d4 Nf6 3. Bd3 g6 4. c4 Bg7 5. Nc3 Nc6 
6. Nge2 e5 7. d5 Ne7 8. O-O O-O 9. f4 exf4 10. Bxf4 Nh5 
11. Be3 f5 12. Qd2 Rf7 13. Bg5 a6 14. exf5 Bxf5 15. Bxf5 gxf5 
16. Nd4 Bxd4+ 17. Qxd4 Qf8 18. Qh4 Nf6 19. Bh6 Qc8 20. Qg5+ Kh8 
21. Rae1 Nfg8 22. Re6 Nxh6 23. Qxh6 Qf8 24. Qh5 Qg7 25. Rfe1 Rg8 
26. Qh3 Ng6 27. Re8 Qd4+ 28. Kh1 Qxc4 29. Rxg8+ Kxg8 30. Qe3 Re7 
31. Qf2 Qf4 32. Kg1 Qxf2+ 33. Kxf2 Rxe1 34. Kxe1 Nf4 35. Kf2 Kf7 
36. Kf3 Nd3 37. b3 Kf6 38. Ke3 Ne5 39. h3 Nd7 40. Kd4 Kg5 
41. Ne2 Nf6 42. g3 Nh5 43. Ke3 Nxg3 44. Nd4 Kf6 45. Ne6 Ke5 
46. Nxc7 Nh5 47. Kf3 Nf6 48. h4 Nxd5 49. Ne8 Nc3 50. a4 Ne4 
51. b4 Nc3 52. a5 Nd5 0-1

[Event "DM G5 Grp1 2024"]
[Site "Svendborg"]
[Date "2024.03.25"]
[Round "3"]
[White "Christensen, Michael Leon"]
[Black "Svendsen, Peter Willer"]
[Result "0-1"]
[WhiteElo "1834"]
[BlackElo "1898"]
[PlyCount "66"]
[WhiteFideId "1446851"]
[BlackFideId "1405250"]
[EventDate "2024.03.23"]
[EventType "swiss"]
[EventRounds "5"]
[EventCountry "DEN"]
[SourceTitle "Live v. Kasper Jerwiarz"]

1. d4 d5 2. c4 e6 3. Nc3 Nf6 4. Bg5 Nbd7 5. e3 c6 
6. Nf3 Qa5 7. Qa4 Qxa4 8. Nxa4 dxc4 9. Bxf6 gxf6 10. g3 b5 
11. Nc3 Rb8 12. a3 a6 13. Bg2 c5 14. dxc5 Nxc5 15. O-O Bb7 
16. Rfd1 Be7 17. Nd4 Bxg2 18. Kxg2 Rc8 19. Na2 Nd3 20. Rd2 O-O 
21. Nc3 Rfd8 22. Rad1 f5 23. b4 Bf6 24. Nde2 Kg7 25. h3 Rc7 
26. g4 Rcd7 27. Kg3 fxg4 28. hxg4 Ne5 29. Rxd7 Rxd7 30. Rxd7 Nxd7 
31. f4 Nb6 32. g5 Bxc3 33. Nxc3 Nd5 0-1

[Event "DM G5 Grp1 2024"]
[Site "Svendborg"]
[Date "2024.03.25"]
[Round "3"]
[White "Velarde, Andrew"]
[Black "Oehlerich, Per"]
[Result "0-1"]
[WhiteElo "1826"]
[BlackElo "1949"]
[PlyCount "88"]
[WhiteFideId "1435132"]
[BlackFideId "1408410"]
[EventDate "2024.03.23"]
[EventType "swiss"]
[EventRounds "5"]
[EventCountry "DEN"]
[SourceTitle "Live v. Kasper Jerwiarz"]

1. d4 d6 2. Nc3 g6 3. Bf4 Bg7 4. e3 Nd7 5. Bc4 c6 
6. Nf3 d5 7. Bd3 Ngf6 8. h3 O-O 9. O-O a5 10. a4 b6 
11. Rb1 Ba6 12. Re1 Bxd3 13. Qxd3 Re8 14. e4 dxe4 15. Nxe4 Nxe4 
16. Qxe4 c5 17. c3 cxd4 18. Nxd4 Nc5 19. Qf3 Bxd4 20. cxd4 Ne6 
21. Be5 Nxd4 22. Bxd4 Qxd4 23. Rxe7 Rxe7 24. Qxa8+ Kg7 25. Qa6 Re6 
26. Qb5 Rf6 27. Rf1 Rf4 28. b3 Qd6 29. Rb1 Rb4 30. Qe2 Qf6 
31. Qb2 b5 32. axb5 Qxb2 33. Rxb2 a4 34. Ra2 axb3 35. Rb2 Kf6 
36. Kf1 Ke5 37. Ke2 Kd4 38. Kd2 Rxb5 39. f3 Kc4 40. g3 Rd5+ 
41. Kc1 Kc3 42. Rf2 Re5 43. Rf1 b2+ 44. Kb1 Ra5 0-1

[Event "DM G5 Grp1 2024"]
[Site "Svendborg"]
[Date "2024.03.25"]
[Round "3"]
[White "Poulsen, Albert Damgaard"]
[Black "Skytte, Robert"]
[Result "1/2-1/2"]
[WhiteElo "1707"]
[BlackElo "1744"]
[PlyCount "59"]
[WhiteFideId "1478613"]
[BlackFideId "1471775"]
[EventDate "2024.03.23"]
[EventType "swiss"]
[EventRounds "5"]
[EventCountry "DEN"]
[SourceTitle "Live v. Kasper Jerwiarz"]

1. e4 c6 2. d4 d5 3. exd5 cxd5 4. c4 e6 5. Nc3 Nf6 
6. Nf3 Nc6 7. c5 Be7 8. Bb5 Bd7 9. O-O O-O 10. Re1 a5 
11. Bg5 Na7 12. Bxd7 Qxd7 13. Na4 Nc8 14. Rc1 Ne4 15. Bxe7 Qxe7 
16. Ne5 f6 17. Nd3 Rb8 18. f3 Ng5 19. h4 Nf7 20. Nf4 Qd7 
21. Nxe6 Re8 22. c6 bxc6 23. Nac5 Qd6 24. Qd2 Nb6 25. b3 a4 
26. Qf4 axb3 27. axb3 Qxf4 28. Nxf4 Rxe1+ 29. Rxe1 Nd6 30. Nfe6 1/2-1/2

[Event "DM G5 Grp1 2024"]
[Site "Svendborg"]
[Date "2024.03.25"]
[Round "3"]
[White "Rasmussen, Erling"]
[Black "Hansen, Allan Hallgren"]
[Result "1/2-1/2"]
[WhiteElo "1785"]
[BlackElo "1733"]
[PlyCount "63"]
[WhiteFideId "1408780"]
[BlackFideId "1440888"]
[EventDate "2024.03.23"]
[EventType "swiss"]
[EventRounds "5"]
[EventCountry "DEN"]
[SourceTitle "Live v. Kasper Jerwiarz"]

1. e4 e6 2. c4 c5 3. Nf3 Nc6 4. d4 cxd4 5. Nxd4 Bc5 
6. Nb3 Bb6 7. c5 Bc7 8. Qg4 Be5 9. Na3 h5 10. Qf3 Nge7 
11. Nc4 d5 12. cxd6 Bxd6 13. Nxd6+ Qxd6 14. Bf4 e5 15. Rd1 Qc7 
16. Bg5 Bg4 17. Qg3 Bxd1 18. Kxd1 Qd6+ 19. Kc1 O-O 20. Bc4 Qg6 
21. f3 Rad8 22. Qh4 Rd7 23. g3 Kh8 24. Nc5 Rc7 25. g4 f6 
26. Be3 Na5 27. Be6 b6 28. Rg1 bxc5 29. gxh5 Qh7 30. h6 g6 
31. f4 c4 32. Bf5 1/2-1/2

[Event "DM G5 Grp1 2024"]
[Site "Svendborg"]
[Date "2024.03.25"]
[Round "3"]
[White "Hansen,  Anders"]
[Black "Skaerved, Mattias"]
[Result "0-1"]
[WhiteElo "1673"]
[BlackElo "1678"]
[PlyCount "118"]
[WhiteFideId "1711237"]
[BlackFideId "1461958"]
[EventDate "2024.03.23"]
[EventType "swiss"]
[EventRounds "5"]
[EventCountry "DEN"]
[SourceTitle "Live v. Kasper Jerwiarz"]

1. b3 d5 2. Bb2 Bf5 3. Nf3 Nd7 4. d3 Ngf6 5. Nbd2 e6 
6. g3 Bb4 7. Bg2 Qe7 8. O-O O-O 9. a3 Bc5 10. b4 Bb6 
11. c4 c5 12. cxd5 cxb4 13. e4 Bg6 14. dxe6 fxe6 15. axb4 h6 
16. Nc4 Rfd8 17. Qb3 Bf7 18. Nce5 Be8 19. Nc4 Kh7 20. Nxb6 Nxb6 
21. Rfd1 Bb5 22. Bf1 a6 23. e5 Nfd5 24. d4 Bxf1 25. Kxf1 Qxb4 
26. Qd3+ g6 27. Nh4 Qc4 28. Ba3 Qxd3+ 29. Rxd3 Nc4 30. Nf3 b5 
31. Bc5 Nb2 32. Rb3 Na4 33. Rxa4 bxa4 34. Rb7+ Kg8 35. Ke2 a5 
36. Kd2 Rdb8 37. Rxb8+ Rxb8 38. Kc2 Nb4+ 39. Kc3 Na6 40. Nd2 Nxc5 
41. dxc5 Rb5 42. Kc4 Rb4+ 43. Kc3 Kf7 44. f3 Ke7 45. Nc4 Rb3+ 
46. Kd4 a3 47. Nxa5 Rb4+ 48. Kc3 Rb5 49. Nb3 a2 50. Na1 Rb1 
51. c6 Rxa1 52. Kb2 Rh1 53. Kxa2 Rxh2+ 54. Kb3 Rh3 55. f4 Rxg3+ 
56. Kc4 Rg4 57. Kb5 Rxf4 58. Kb6 Rf8 59. Kb7 h5 0-1

[Event "DM G5 Grp1 2024"]
[Site "Svendborg"]
[Date "2024.03.25"]
[Round "3"]
[White "Jakobsen, Alex"]
[Black "Dithlevsen, Birgit"]
[Result "0-1"]
[WhiteElo "1651"]
[BlackElo "1668"]
[PlyCount "52"]
[WhiteFideId "1480790"]
[BlackFideId "1413201"]
[EventDate "2024.03.23"]
[EventType "swiss"]
[EventRounds "5"]
[EventCountry "DEN"]
[SourceTitle "Live v. Kasper Jerwiarz"]

1. e4 e5 2. Bc4 Bc5 3. Nf3 Nc6 4. c3 h6 5. b4 Bd6 
6. d3 Nf6 7. O-O O-O 8. Qb3 a6 9. a4 b6 10. Re1 Bb7 
11. Nh4 Ne7 12. Re3 c5 13. b5 axb5 14. Bxb5 Ba6 15. Na3 Bb7 
16. Qd1 Bc7 17. Rg3 Kh7 18. Bc4 d5 19. exd5 Bxd5 20. Bxd5 Qxd5 
21. c4 Qd4 22. Nb5 Qxa1 23. Nxc7 Rxa4 24. Nb5 Rd8 25. h3 Rxc4 
26. Rxg7+ Kh8 0-1